000 01247nam0a22003371 4500
001 rc\3167451
005 20120615111615.3
021 _aRU
_b76-4568
021 _aRU
_bРг11172-76
035 _a(NLR Aleph) 007306138
090 _a5761412
_c5761412
100 _a20120615d1976 |||y0rusy50 ca
101 0 _arus
_afre
102 _aRU
105 _aa z |||||
200 1 _aКаменец-Подольская крепость
_eФоторассказ о памятнике архитектуры XII-XVIII вв. на территории УССР
_f[Фото К.А. Голубева, Б.А. Минделя]
210 _aКиев
_cМистецтво
_d1976
215 _a[23] с.
_cил.
_d18
300 _aАвт. указаны в вып. дан.
300 _aТекст парал. на рус. и фр. яз.
300 _aЗагл. также на фр. яз.: La forteresse Kamianetz-Podilsky
517 0 _aLa forteresse Kamianetz-Podilsky
700 1 _aПламеницкая
_bЕ. М.
701 1 _aХотюн
_bГ. Н.
702 1 _aГолубев
_bК. А.
_4440
702 1 _aМиндель
_bБ. А.
_4440
801 0 _aRU
_bNLR
_gpsbo
801 1 _aRU
_bELAR
_2rusmarc
852 _aNLR
_j76-4/26270
942 _cBOOK
980 _aNB